|
|
|
|
| LEADER |
00000nam0a2200000 4500 |
| 001 |
255843 |
| 005 |
20231101233048.0 |
| 035 |
|
|
|a (RuTPU)RU\TPU\book\278455
|
| 090 |
|
|
|a 255843
|
| 100 |
|
|
|a 20140402d1989 k y0rusy50 ca
|
| 101 |
0 |
|
|a rus
|
| 102 |
|
|
|a LV
|
| 105 |
|
|
|a a z 001zy
|
| 200 |
1 |
|
|a Повышение социально-экономической эффективности производства в условиях научно-технического прогресса (ускорение НТП в условиях полного хозяйственного расчета и самофинансирования)
|e сборник научных трудов
|f Рижский политехнический институт ; отв. за вып. Г. К. Гертнер
|
| 210 |
|
|
|a Рига
|c Изд-во Рижского политехнического ин-та
|d 1989
|
| 215 |
|
|
|a 162 с.
|c ил.
|
| 320 |
|
|
|a Библиогр. в конце ст.
|
| 606 |
1 |
|
|a Экономическая эффективность
|2 stltpush
|3 (RuTPU)RU\TPU\subj\26590
|9 50482
|
| 610 |
1 |
|
|a социально-экономическая эффективность
|
| 610 |
1 |
|
|a производства
|
| 610 |
1 |
|
|a НТП
|
| 610 |
1 |
|
|a научно-технический прогресс
|
| 610 |
1 |
|
|a роботизированное производство
|
| 610 |
1 |
|
|a планирование
|
| 610 |
1 |
|
|a организация труда
|
| 686 |
|
|
|a У9(2)0-07
|2 rubbk
|
| 702 |
|
1 |
|a Гертнер
|b Г. К.
|4 540
|
| 712 |
0 |
2 |
|a Рижский политехнический институт
|2 stltpush
|3 (RuTPU)RU\TPU\col\7561
|9 24345
|
| 801 |
|
1 |
|a RU
|b 63413507
|c 20140402
|
| 801 |
|
2 |
|a RU
|b 63413507
|c 20140703
|g RCR
|
| 942 |
|
|
|c BK
|